<?xml version="1.0" encoding="UTF-8"?>
<record
    xmlns:xsi="http://www.w3.org/2001/XMLSchema-instance"
    xsi:schemaLocation="http://www.loc.gov/MARC21/slim http://www.loc.gov/standards/marcxml/schema/MARC21slim.xsd"
    xmlns="http://www.loc.gov/MARC21/slim">

  <leader>005640000a22001690004500</leader>
  <datafield tag="090" ind1=" " ind2=" ">
    <subfield code="a">SERIADAS</subfield>
  </datafield>
  <datafield tag="245" ind1="1" ind2="0">
    <subfield code="a">Hongos liquenizados como bioindicadores</subfield>
    <subfield code="s">macrozonas de isocontaminaci&#xF3;n atmosf&#xE9;rica de Bogot&#xE1; D.C. (Cundinamarca, Colombia)</subfield>
  </datafield>
  <datafield tag="044" ind1=" " ind2=" ">
    <subfield code="a">Colombia</subfield>
  </datafield>
  <datafield tag="041" ind1="0" ind2=" ">
    <subfield code="a">Espa&#xF1;ol</subfield>
  </datafield>
  <datafield tag="690" ind1=" " ind2=" ">
    <subfield code="a">Especies indicadoras</subfield>
    <subfield code="9">4132</subfield>
  </datafield>
  <datafield tag="690" ind1=" " ind2=" ">
    <subfield code="a">Contaminaci&#xF3;n atmosf&#xE9;rica</subfield>
    <subfield code="9">3876</subfield>
  </datafield>
  <datafield tag="690" ind1=" " ind2=" ">
    <subfield code="a">Isocontaminaci&#xF3;n</subfield>
    <subfield code="9">100659</subfield>
  </datafield>
  <datafield tag="690" ind1=" " ind2=" ">
    <subfield code="a">Hongos</subfield>
    <subfield code="9">6834</subfield>
  </datafield>
  <datafield tag="100" ind1="1" ind2=" ">
    <subfield code="a">Gonz&#xE1;lez Aldana, Wilmer</subfield>
    <subfield code="9">100660</subfield>
  </datafield>
  <datafield tag="942" ind1=" " ind2=" ">
    <subfield code="c">ARTICULO</subfield>
  </datafield>
  <datafield tag="773" ind1="1" ind2=" ">
    <subfield code="t">P&#xE9;rez Arbelaezia</subfield>
    <subfield code="h">17</subfield>
    <subfield code="q">137-154</subfield>
    <subfield code="d">2006</subfield>
  </datafield>
  <datafield tag="999" ind1=" " ind2=" ">
    <subfield code="c">16357</subfield>
    <subfield code="d">16357</subfield>
  </datafield>
</record>
